000 00588nam a2200193Ia 4500
003 GCL
008 140319s9999 xx 000 0 ara d
040 _aGCL /
_cGCL
082 0 4 _a811.008
_bف ش
100 1 _aفوزى سعد عيسى
245 1 0 _aشعراء معاصرون /
_cفوزى سعد عيسى
250 _aالاولى
260 _aالقاهرة :
_bدار المعرفة الجامعية ،
_c1990
300 _a330ص ؛
_c24سم
650 0 4 _aالشعر العربى
650 0 4 _aالعصر الحديث
650 0 4 _aالشعراء العرب
942 _2ddc
_cBK
999 _c52996
_d52996